[Event "Titled Tue 3rd Jun Early"]
[Site "chess.com INT"]
[Date "2025.06.03"]
[Round "6"]
[White "Tleukhanov, Yerlan"]
[Black "Jakubowski, Krzysztof"]
[Result "1-0"]
[WhiteTitle "FM"]
[BlackTitle "GM"]
[WhiteElo "2169"]
[BlackElo "2448"]
[WhiteFideId "13749692"]
[BlackFideId "1112848"]
[EventDate "2025.06.03"]

1. e4 c6 2. Nf3 d5 3. d3 dxe4 4. dxe4 Qxd1+ 5. Kxd1 Nf6 6. Nbd2 Nbd7 7. Ne1 g6
8. Nd3 Bh6 9. f3 O-O 10. c3 Rd8 11. Kc2 Nb6 12. a4 a5 13. Be2 Ne8 14. f4 Nc7 15.
Nb3 Nc4 16. Ndc5 Nd6 17. Bf3 b6 18. Nd3 Ba6 19. Ne5 Bb7 20. Be3 c5 21. Nd2 Ne6
22. g3 Bg7 23. Nec4 Nxc4 24. Nxc4 f5 25. Nxb6 Ra6 26. Nc4 fxe4 27. Be2 Nd4+ 28.
cxd4 cxd4 29. Rhd1 Raa8 30. Bg4 dxe3 31. Be6+ Kf8 32. Nxe3 Ba6 33. Bc4 Rdc8 34.
b3 Bxa1 35. Rxa1 Bxc4 36. Nxc4 Rd8 37. Re1 Rd4 38. Kc3 Rd3+ 39. Kc2 Rf3 40. Re2
h5 41. Nd2 Rc8+ 42. Kb2 Rd3 43. Nxe4 Rd4 44. Nc3 Kf7 45. Nb5 Rb4 46. Nc3 Rb7 47.
Ne4 Rcb8 48. Ng5+ Kg7 49. Re3 Rd7 50. Ne6+ Kf6 51. Nc5 Rc7 52. Ne4+ Kf5 53. Ng5
Kg4 54. Ne6 Rcb7 55. Nc5 Kh3 56. Nxb7 Rxb7 57. Re5 Kxh2 58. Rxa5 Kxg3 59. Rg5+
Kxf4 60. Rxg6 h4 61. a5 h3 62. Ka3 h2 63. Rh6 Kg3 64. b4 e5 65. a6 Ra7 66. b5 e4
67. Kb4 e3 68. Kc3 e2 69. Kd2 Re7 70. Ke1 Kg2 71. b6 h1=Q+ 72. Rxh1 Kxh1 73. a7
Re8 74. b7 1-0

[Event "Titled Tue 3rd Jun Early"]
[Site "chess.com INT"]
[Date "2025.06.03"]
[Round "6"]
[White "Nguyen Thien Ngan"]
[Black "Toroptseva, Yevheniia"]
[Result "1-0"]
[WhiteTitle "WIM"]
[BlackTitle "WFM"]
[WhiteElo "1998"]
[BlackElo "2064"]
[WhiteFideId "12414816"]
[BlackFideId "34109374"]
[EventDate "2025.06.03"]

1. e4 c5 2. Nf3 e6 3. d4 cxd4 4. Nxd4 Nf6 5. Nc3 Nc6 6. Nxc6 bxc6 7. e5 Nd5 8.
Bd2 d6 9. exd6 Bxd6 10. Bd3 O-O 11. Qh5 g6 12. Qf3 Bb7 13. h4 c5 14. Qh3 Bf4 15.
Nxd5 Bxd2+ 16. Kxd2 Qxd5 17. h5 Qxg2 18. Qe3 Qf3 19. Qxc5 Qf4+ 20. Qe3 Qxe3+ 21.
fxe3 Bxh1 22. Rxh1 Kg7 23. h6+ Kf6 24. a4 Ke7 25. a5 f5 26. a6 Rab8 27. b3 Kf6
28. Ra1 Rfd8 29. Ke2 g5 30. e4 f4 31. Kf3 Kg6 32. e5+ Kf7 33. Kg4 Rg8 34. Rh1
Rb6 35. Bxh7 Rh8 36. Bd3 Rc6 37. Kxg5 f3 38. Rh3 Rg8+ 39. Kf4 Rh8 40. Kxf3 Rc5
41. Ke4 Ra5 42. h7 Ra1 43. Kd4 Rg1 44. Rf3+ Ke7 45. Kc5 Rg4 46. Rh3 Rg5 47. Kd4
Rg4+ 48. Ke3 Rg5 49. Kf4 Rg1 50. b4 Rf8+ 51. Ke3 Rh8 52. b5 Rg5 53. Kf4 Rg1 54.
c4 Rd1 55. Be2 Rd2 56. Ke3 Rc2 57. Kd3 Rc1 58. Rg3 Rh1 59. Rg7+ Kf8 60. Rxa7
R1xh7 61. Rxh7 Rxh7 62. b6 Rh3+ 63. Kd4 Ra3 64. b7 Ke7 65. b8=Q Ra1 66. Qd6+ Kf7
67. Kc5 Ra5+ 68. Kb6 Ra1 69. a7 Rb1+ 70. Kc7 Ra1 71. Qd7+ Kg6 72. Qxe6+ Kg5 73.
Qb6 Re1 74. Bf3 Rxe5 75. a8=Q Re7+ 76. Kd6 Rg7 77. Qe3+ Kg6 78. Qae8+ Kh7 79.
Q3e4+ Kh6 80. Qh8+ Kg5 81. Qxg7# 1-0

[Event "Titled Tue 3rd Jun Early"]
[Site "chess.com INT"]
[Date "2025.06.03"]
[Round "6"]
[White "Tikhonov, Viacheslav"]
[Black "Gong, Qianyun"]
[Result "1-0"]
[WhiteTitle "CM"]
[BlackTitle "WGM"]
[WhiteElo "2183"]
[BlackElo "2265"]
[WhiteFideId "44196407"]
[BlackFideId "8602425"]
[EventDate "2025.06.03"]

1. e4 e5 2. Nf3 Nc6 3. Bc4 Nf6 4. Ng5 d5 5. exd5 Na5 6. Bb5+ c6 7. dxc6 bxc6 8.
Be2 h6 9. Nh3 Bc5 10. d3 O-O 11. Nc3 Nb7 12. O-O Nd6 13. Bf3 Bxh3 14. gxh3 Qc8
15. Bg2 Nf5 16. Ne4 Nxe4 17. Bxe4 Nd4 18. c3 Nb5 19. Qf3 f5 20. Bxc6 e4 21. Bd5+
Kh8 22. dxe4 fxe4 23. Qg4 Qb8 24. Be3 Bd6 25. Kh1 Nc7 26. Rg1 Be5 27. Bxe4 Qe8
28. Bxa8 Qxa8+ 29. Qg2 Qe8 30. Rae1 Qh5 31. Bd4 Bxd4 32. cxd4 Qf7 33. Re3 Nd5
34. Rg3 Nf4 35. Rxg7 Nxg2 36. Rxf7 Rxf7 37. Kxg2 Rg7+ 38. Kf1 Rd7 39. Rg4 Rb7
40. b3 Rc7 41. d5 Rc1+ 42. Kg2 Rd1 43. Rg6 Kh7 44. Rd6 a5 45. a4 Rd3 46. Ra6
Rxd5 47. f3 Rd3 48. Kg3 Rxb3 49. Rxa5 Rb2 50. Ra6 Ra2 51. h4 h5 52. h3 Ra3 53.
Kf4 Kg7 54. Kg3 Kh7 55. a5 Kg7 56. Ra8 Kf6 57. a6 Kg7 58. a7 Ra4 59. f4 Ra3+ 60.
Kf2 Ra2+ 61. Ke3 Ra6 62. f5 Ra4 63. f6+ Kh7 64. f7 Ra3+ 65. Kd2 Ra2+ 66. Kc1 Ra6
67. Rh8+ Kg6 68. f8=Q Rc6+ 69. Kd2 Rc2+ 70. Ke3 Re2+ 71. Kd4 Re4+ 72. Kd5 Re5+
73. Kd6 Rd5+ 74. Kc7 Rd7+ 75. Kc6 Rc7+ 76. Kd5 Rd7+ 77. Qd6+ Kf5 78. Qxd7+ Kf4
79. Qf7+ Kg3 1-0

[Event "Titled Tue 3rd Jun Early"]
[Site "chess.com INT"]
[Date "2025.06.03"]
[Round "6"]
[White "Demin, Vladimir"]
[Black "Vlassov, Nikolai"]
[Result "0-1"]
[WhiteTitle "IM"]
[BlackTitle "IM"]
[WhiteElo "2430"]
[BlackElo "2291"]
[WhiteFideId "4167457"]
[BlackFideId "4103360"]
[EventDate "2025.06.03"]

1. e4 Nc6 2. Nf3 d5 3. exd5 Qxd5 4. Nc3 Qa5 5. d4 Bg4 6. Bb5 O-O-O 7. Bxc6 bxc6
8. h3 Qh5 9. Qd3 Bxf3 10. gxf3 e6 11. Qa6+ Kd7 12. Be3 Qxf3 13. Rg1 Nf6 14. Ne2
Nd5 15. O-O-O Nb4 16. Qc4 Qd5 17. Qxd5+ cxd5 18. a3 Nc6 19. b4 Ne7 20. c4 dxc4
21. Kc2 Nd5 22. Nc3 a5 23. bxa5 Bxa3 24. Nxd5 exd5 25. Rxg7 Ke6 26. Ra1 Bf8 27.
Rgg1 Ra8 28. a6 Ra7 29. Rgb1 Bd6 30. Rb5 Rha8 31. Rba5 c6 32. R5a4 Kd7 33. Kd2
Kc7 34. Ke2 h5 35. Kf3 Kb6 36. Rb1+ Kc7 37. Rba1 c3 38. R4a2 f5 39. Ke2 f4 40.
Bc1 Re8+ 41. Kd3 Bb4 42. Ra4 Rb8 43. Bxf4+ Bd6 44. Be3 Rb5 45. Kxc3 Kb6 46. Kd3
Bb4 47. Rg1 Rxa6 48. Rxa6+ Kxa6 49. Rg5 h4 50. Rg7 Rb8 51. Rh7 Bd6 52. Rxh4 Rb3+
53. Ke2 Kb5 54. Kf3 Bc7 55. Rh7 Bb6 56. h4 Kc4 57. Rh6 Kb5 58. h5 c5 59. dxc5
Bxc5 60. Ke2 d4 61. Bd2 d3+ 62. Kf1 Rb2 63. Be3 Bxe3 64. fxe3 Kc5 65. Rh8 Rb1+
66. Kf2 d2 67. Rd8 d1=Q 68. Rxd1 Rxd1 69. Kf3 Rh1 70. Kg4 Kd6 71. Kg5 Ke7 72.
Kg6 Rg1+ 73. Kh7 Kf6 74. h6 Rh1 75. e4 Rh5 76. e5+ Rxe5 77. Kg8 Re8+ 78. Kh7 Re2
79. Kg8 Kg6 80. h7 Re8# 0-1

[Event "Titled Tue 3rd Jun Early"]
[Site "chess.com INT"]
[Date "2025.06.03"]
[Round "6"]
[White "Hernandez Izquierdo, Jose A."]
[Black "Madhesh Kumar S"]
[Result "1-0"]
[WhiteTitle "IM"]
[BlackTitle "CM"]
[WhiteElo "2223"]
[BlackElo "2243"]
[WhiteFideId "3527263"]
[BlackFideId "25168649"]
[EventDate "2025.06.03"]

1. e4 e5 2. Nf3 Nc6 3. Bb5 a6 4. Ba4 Nf6 5. d3 b5 6. Bb3 Bc5 7. a4 Rb8 8. axb5
axb5 9. O-O d6 10. h3 h6 11. Nc3 O-O 12. Be3 Bb6 13. Nd5 Nxd5 14. Bxd5 Ne7 15.
Bb3 Be6 16. c3 Qd7 17. d4 exd4 18. cxd4 Bxb3 19. Qxb3 d5 20. Ne5 Qe6 21. exd5
Nxd5 22. Rfc1 c5 23. dxc5 Qxe5 24. cxb6 Nxe3 25. Qxe3 Qxe3 26. fxe3 Rxb6 27. Ra7
Re8 28. Kf2 Rf6+ 29. Ke2 Rg6 30. g4 Rge6 31. Rc3 Re4 32. Rb7 Rb4 33. b3 Rd8 34.
Rcc7 Rf8 35. Rc3 Rd8 36. Rcc7 Rf8 37. Rc5 Rxb3 38. Rcxb5 Rxb5 39. Rxb5 Re8 40.
Kf3 Kf8 41. Rb7 Kg8 42. Kf4 g6 43. h4 Kg7 44. h5 g5+ 45. Kf3 Re6 46. e4 Rf6+ 47.
Kg3 Rf4 48. Rb4 Kf6 49. Rb6+ Kg7 50. Rb4 Kf8 51. Ra4 Kg7 52. Rd4 Rf6 53. Rd5 Re6
54. Kf3 Rb6 55. e5 Rb3+ 56. Ke4 Rb4+ 57. Rd4 Rb7 58. Kf5 Rb3 59. Ke4 Rg3 60. Kd5
Re3 61. Kd6 Kf8 62. Kd5 Ra3 63. Rb4 Ra5+ 64. Ke4 Ra6 65. Kf5 Kg7 66. Rb7 Ra3 67.
e6 Rf3+ 68. Ke4 Rf4+ 69. Ke5 Kf8 70. Rb8+ Ke7 71. Rb7+ Ke8 72. Rxf7 Rxf7 73.
exf7+ Kxf7 74. Kf5 Kg7 75. Ke6 Kg8 76. Kf6 Kh7 77. Kf7 Kh8 78. Kg6 1-0

[Event "Titled Tue 3rd Jun Early"]
[Site "chess.com INT"]
[Date "2025.06.03"]
[Round "6"]
[White "Dimakiling, Oliver"]
[Black "Nguyen, Ngoc Truong Son"]
[Result "0-1"]
[WhiteTitle "IM"]
[BlackTitle "GM"]
[WhiteElo "2402"]
[BlackElo "2632"]
[WhiteFideId "5202248"]
[BlackFideId "12401110"]
[EventDate "2025.06.03"]

1. e4 e5 2. Nf3 Nc6 3. Bb5 Nf6 4. d3 Bc5 5. c3 O-O 6. O-O d5 7. Nbd2 dxe4 8.
dxe4 Qe7 9. h3 a5 10. Re1 Rd8 11. Bf1 Nh5 12. Qc2 a4 13. Rb1 Be6 14. b4 axb3 15.
axb3 Bxf2+ 16. Kxf2 Qc5+ 17. Re3 Nb4 18. Qb2 Nd3+ 19. Bxd3 Rxd3 20. Nc4 f6 21.
Ra1 Rad8 22. Ra5 b5 23. Na3 c6 24. b4 Qb6 25. Nc2 Nf4 26. Nce1 Rd1 27. Kg3 h5
28. Kh2 Kh7 29. c4 Bxc4 30. Rea3 R8d7 31. Be3 Qd8 32. Qf2 Ng6 33. Qg3 Qe7 34.
Bc5 Qf7 35. Ra8 Be2 36. R3a7 Bxf3 37. Nxf3 Nf4 38. Be3 Ne6 39. Nh4 Rxa7 40. Rxa7
Rd7 41. Rxd7 Qxd7 42. Nf5 Kg8 43. Qg6 Nf8 44. Qxh5 g6 45. Qg4 Kf7 46. Nh6+ Kg7
47. Qxd7+ Nxd7 48. Ng4 Kf7 49. Kg3 f5 50. exf5 gxf5 51. Nh6+ Kg6 52. Kf3 f4 53.
Bxf4 exf4 54. Ng4 Kf5 55. Nh6+ Kg6 56. Ng4 Kg5 57. Ke4 c5 58. bxc5 Nxc5+ 59. Kd5
Nd3 60. Ke4 Ne1 61. Ne5 Nxg2 62. Nf3+ Kh5 63. h4 b4 64. Nd4 Kxh4 65. Kf3 Kh3 66.
Nb3 Kh2 67. Nd4 Kg1 68. Nb3 Kf1 69. Nd4 Kg1 70. Nb3 Kh1 71. Nd4 Kh2 72. Nb3 Kg1
73. Nd4 Kf1 74. Nb3 Ke1 75. Kxg2 Ke2 76. Nd4+ Ke3 77. Nc2+ Ke2 78. Nxb4 f3+ 79.
Kg3 f2 80. Nd3 f1=Q 0-1

[Event "Titled Tue 3rd Jun Early"]
[Site "chess.com INT"]
[Date "2025.06.03"]
[Round "6"]
[White "Yezhel, Valiantsin"]
[Black "Krishna, C R G"]
[Result "0-1"]
[WhiteTitle "FM"]
[BlackTitle "IM"]
[WhiteElo "2232"]
[BlackElo "2453"]
[WhiteFideId "13504983"]
[BlackFideId "5018625"]
[EventDate "2025.06.03"]

1. d4 f5 2. Nc3 d5 3. Bf4 a6 4. Nf3 e6 5. a3 Nf6 6. e3 Bd6 7. Bd3 O-O 8. O-O c5
9. Bxd6 Qxd6 10. dxc5 Qxc5 11. Na4 Qc7 12. Rc1 b5 13. Nc3 Nc6 14. Nd4 e5 15.
Nxc6 Qxc6 16. Be2 Be6 17. Bf3 Rac8 18. Qd2 Rfd8 19. Rfd1 Qc5 20. g3 d4 21. exd4
Rxd4 22. Qe1 e4 23. Rxd4 Qxd4 24. Rd1 Qb6 25. Be2 h6 26. Qd2 Kh7 27. Qd4 Qc6 28.
Qd6 Bc4 29. Qxc6 Rxc6 30. Bxc4 Rxc4 31. Rd6 a5 32. Rb6 b4 33. axb4 axb4 34. Na4
Rxc2 35. h3 e3 36. fxe3 Nd5 37. Rb5 Nxe3 38. Rxb4 Rg2+ 39. Kh1 Rxg3 40. Kh2 Rg2+
41. Kh1 Rf2 42. Nc3 f4 43. Ne4 Rf1+ 44. Kh2 f3 45. Kg3 Nf5+ 46. Kf4 Nh4 47. Kg4
Ng6 48. Ng3 Ne5+ 49. Kf4 Nd3+ 50. Ke3 Rg1 51. Kxd3 Rxg3 52. Ke3 Rxh3 53. Rf4 Rh2
54. b4 Rb2 55. Kxf3 g5 56. Rc4 Kg6 57. Rd4 Kh5 58. Kg3 Rb3+ 59. Kg2 g4 60. Kf2
Kh4 61. Kg2 h5 62. Kh2 Rb2+ 63. Kg1 Kh3 64. Rd5 h4 65. Rd3+ g3 66. Rd1 Rxb4 67.
Re1 Rb2 68. Kh1 Rh2+ 69. Kg1 Ra2 70. Rd1 Kg4 71. Rd4+ Kf3 72. Rd3+ Ke4 73. Rd1
h3 74. Rb1 Rd2 75. Rb4+ Rd4 76. Rb1 Kf3 77. Rf1+ Kg4 78. Rb1 Rf4 79. Re1 h2+ 80.
Kg2 Rf2+ 81. Kh1 Kh3 82. Re3 Rf1# 0-1

[Event "Titled Tue 3rd Jun Early"]
[Site "chess.com INT"]
[Date "2025.06.03"]
[Round "6"]
[White "Sadubayev, Airat"]
[Black "Lyakh, Vasiliy"]
[Result "1/2-1/2"]
[WhiteTitle "FM"]
[WhiteElo "2211"]
[BlackElo "2116"]
[WhiteFideId "13713264"]
[BlackFideId "14189828"]
[EventDate "2025.06.03"]

1. d4 Nf6 2. c4 e6 3. Nf3 b6 4. g3 Ba6 5. Qc2 c5 6. d5 exd5 7. cxd5 d6 8. Bg2
Be7 9. O-O O-O 10. Nc3 Re8 11. Re1 Nbd7 12. a4 Bf8 13. Bf4 Nh5 14. Bg5 Be7 15.
Bd2 Nhf6 16. e4 Qc7 17. Bf1 Bxf1 18. Rxf1 Ng4 19. Rae1 a6 20. h3 Nge5 21. Nxe5
Nxe5 22. f4 Nc4 23. Bc1 Qd7 24. b3 Qxh3 25. Rf3 Na5 26. e5 Qg4 27. Kg2 Bf8 28.
Bb2 c4 29. b4 Nb3 30. Re4 Qf5 31. Rf2 Rac8 32. Qe2 b5 33. axb5 axb5 34. Nxb5 Rb8
35. Na3 Rxb4 36. Rxc4 Rxc4 37. Qxc4 Nc5 38. Nb5 Ne4 39. Re2 Nc5 40. Nd4 Qg4 41.
Nf3 Nd7 42. e6 fxe6 43. dxe6 Nf6 44. e7+ d5 45. exf8=Q+ Rxf8 46. Qb3 Kh8 47.
Bxf6 gxf6 48. Qxd5 Rg8 49. Kf1 Qxg3 50. Rf2 Qh3+ 51. Ke2 Re8+ 52. Kd2 Qc8 53.
Nd4 Rd8 54. Qe4 Qc5 55. Kd3 Qb5+ 56. Kd2 Qc4 57. Ke3 Qc3+ 58. Ke2 Qxd4 59. Qxd4
Rxd4 60. Ke3 Rd7 61. Ke4 Kg7 62. Kf5 Rd5+ 63. Ke6 Ra5 64. Rg2+ Kh6 65. Kxf6 Ra6+
66. Kf5 Ra5+ 67. Kg4 Kg6 68. Rc2 h5+ 69. Kf3 Ra3+ 70. Ke4 Ra4+ 71. Ke3 Kf5 72.
Rc5+ Kg4 73. Rg5+ Kh4 74. Rg8 Kh3 75. f5 Ra6 76. Kf4 h4 77. Ke5 Kh2 78. f6 Ra7
79. Ke6 h3 80. f7 Rxf7 81. Kxf7 Kh1 82. Kf6 h2 83. Ra8 Kg2 84. Ra2+ Kg1 85. Ra1+
Kg2 86. Ra2+ Kg1 87. Rxh2 Kxh2 1/2-1/2

[Event "Titled Tue 3rd Jun Early"]
[Site "chess.com INT"]
[Date "2025.06.03"]
[Round "6"]
[White "Yanev, Tihomir"]
[Black "Karttunen, Mika"]
[Result "0-1"]
[WhiteTitle "IM"]
[BlackTitle "IM"]
[WhiteElo "2354"]
[BlackElo "2490"]
[WhiteFideId "2910110"]
[BlackFideId "502081"]
[EventDate "2025.06.03"]

1. d4 Nf6 2. c4 g6 3. Nc3 Bg7 4. g3 d6 5. Bg2 O-O 6. Nf3 c6 7. O-O Bf5 8. b3 Ne4
9. Bb2 Nxc3 10. Bxc3 Be4 11. Qd2 d5 12. Rfd1 e6 13. Bh3 Bxf3 14. exf3 a5 15. Bg2
Nd7 16. f4 Nf6 17. Qe2 Qb6 18. Rac1 Rfd8 19. Bf3 h5 20. h3 a4 21. c5 Qa6 22. b4
Ne8 23. Qxa6 bxa6 24. a3 Nc7 25. Bb2 a5 26. bxa5 Rxa5 27. Be2 Nb5 28. Kg2 Rb8
29. Rc2 Ra7 30. Kf3 Rab7 31. Ke3 Nc7 32. Bc1 Rb3+ 33. Rd3 Nb5 34. Rxb3 Bxd4+ 35.
Kd3 axb3 36. Rd2 Bf6 37. Bb2 d4 38. a4 Nc3 39. Bf3 Nxa4 40. Bxc6 Nxc5+ 41. Kc4
Na6 42. Bb5 Nc7 43. Ba4 Nd5 44. Ba3 Rc8+ 45. Kxb3 Rc3+ 46. Ka2 Rf3 47. Bb3 Nc3+
48. Kb2 d3 49. Kc1 Ne2+ 50. Kd1 Rxf2 51. Rxd3 Nc3+ 52. Ke1 Rh2 53. h4 Ne4 54.
Bb4 Rg2 55. Re3 Rxg3 56. Rxg3 Nxg3 57. Kf2 Bxh4 58. Kf3 Nf5 59. Bc4 Bf6 60. Bd3
Nd4+ 61. Ke4 Nf5 62. Bc5 Be7 63. Bf2 Bd6 64. Kf3 Ne7 65. Bh4 Nd5 66. Bg3 h4 67.
Bxh4 Nxf4 68. Bc4 Nh5 69. Kg4 Ng7 70. Bf6 Nf5 71. Bd3 Ne3+ 72. Kf3 Nd5 73. Bd4
Be7 74. Bc4 Nc7 75. Ke4 Ne8 76. Be5 Bd6 77. Bc3 Kf8 78. Kf3 Nc7 79. Bd3 Nd5 80.
Bd4 Ke7 81. Bc4 Nc7 82. Bd3 e5 83. Bb2 f5 84. Bc4 Ne6 85. Bd5 Kf6 86. Bc4 g5 87.
Bb5 g4+ 88. Kf2 Nf4 89. Kg3 Kg5 90. Bc1 e4 91. Kf2 Kf6 92. Bxf4 Bxf4 93. Bd7 Ke5
94. Ke2 g3 95. Bc8 Bg5 96. Bd7 Be7 97. Bc6 Bc5 98. Bd7 g2 0-1

[Event "Titled Tue 3rd Jun Early"]
[Site "chess.com INT"]
[Date "2025.06.03"]
[Round "6"]
[White "Molina, Roberto Junio Brito"]
[Black "Teterev, Vitaly"]
[Result "1/2-1/2"]
[WhiteTitle "IM"]
[BlackTitle "GM"]
[WhiteElo "2381"]
[BlackElo "2258"]
[WhiteFideId "2109450"]
[BlackFideId "13501429"]
[EventDate "2025.06.03"]

1. d4 Nf6 2. e3 g6 3. Nf3 Bg7 4. b3 O-O 5. Bb2 d6 6. c4 Nbd7 7. Nc3 e5 8. Be2
Re8 9. Qc2 c6 10. O-O-O Qe7 11. h3 e4 12. Nd2 Nb6 13. g4 d5 14. Kb1 Be6 15. c5
Nc8 16. f4 exf3 17. Bxf3 b6 18. Na4 b5 19. Nc3 b4 20. Ne2 Bd7 21. Nf1 Ne4 22.
Bxe4 Qxe4 23. Qxe4 Rxe4 24. Neg3 Re7 25. Rh2 a5 26. Rf2 Na7 27. Kc2 Bh6 28. Kd3
Rae8 29. Re1 Nb5 30. Rfe2 f5 31. gxf5 gxf5 32. Nh5 Rf7 33. Nfg3 Bc8 34. Rf2 Kh8
35. Nf4 Ba6 36. Kd2 Nc7 37. Nd3 Bxd3 38. Kxd3 f4 39. Nf1 Rfe7 40. Rfe2 Ne6 41.
Bc1 f3 42. Rf2 Nf4+ 43. Kd2 Ng2 44. Rxf3 Nxe1 45. Kxe1 Rf8 46. Rg3 Rg7 47. Rxg7
Kxg7 48. Ke2 Kg6 49. Ng3 Bg5 50. Bd2 Bh4 51. Be1 Bxg3 52. Bxg3 Kf5 53. Kf3 Ra8
54. Be1 a4 55. Bxb4 axb3 56. axb3 Rb8 57. Be1 Rxb3 58. Bg3 Rb1 59. Bf4 Rf1+ 60.
Kg3 Rb1 61. Kf3 Rb7 62. Kg3 Ke4 63. Kg4 Rg7+ 64. Kh5 Rg6 65. h4 Kf5 66. Bg5 Re6
67. Bf4 Rg6 68. Bg5 Ke4 69. Bf4 Kf3 70. Bg5 Kg3 71. Bf4+ Kh3 72. Bg5 Kg2 73. Bf4
Kh1 74. Bg5 Kg1 75. Bf4 Kg2 76. Bg5 Kh3 77. Bf4 Re6 78. Kg5 Rg6+ 79. Kh5 Kg2 80.
Bg5 Kf3 81. Bf4 Ke4 82. Bg5 Kf5 83. Bf4 Kf6 84. Bg5+ Kg7 85. Bf4 h6 86. Be5+ Kh7
87. Bf4 Rf6 88. Kg4 Kg6 89. h5+ Kf7 90. Be5 Re6 91. Bf4 Rf6 92. Be5 Rf1 93. Bf4
Kg7 94. Kf5 Rh1 95. Kg4 Kh7 96. Be5 Re1 97. Bf4 Rg1+ 98. Kf5 Rh1 99. Kg4 Kg7
100. Be5+ Kf7 101. Bf4 Kg7 102. Be5+ Kh7 103. Bf4 Rg1+ 104. Kf5 Rg2 105. Be5 Rg1
106. Bf4 1/2-1/2

[Event "Titled Tue 3rd Jun Early"]
[Site "chess.com INT"]
[Date "2025.06.03"]
[Round "6"]
[White "Yushko, Olga"]
[Black "Ghosh, Chanchal Kumer"]
[Result "1-0"]
[WhiteTitle "WFM"]
[BlackTitle "CM"]
[WhiteElo "2036"]
[BlackElo "2018"]
[WhiteFideId "14114500"]
[BlackFideId "10201858"]
[EventDate "2025.06.03"]

1. d4 d5 2. c4 e6 3. cxd5 exd5 4. Nc3 Nf6 5. Bg5 Be7 6. e3 O-O 7. Bd3 a6 8. Nge2
b6 9. O-O Nbd7 10. Rc1 Bb7 11. Re1 c5 12. dxc5 bxc5 13. Bf5 h6 14. Bh4 Re8 15.
Qb3 Bc6 16. Bg3 c4 17. Qd1 g6 18. Bh3 Nc5 19. Nd4 Bb7 20. Nf3 Nd3 21. Ne5 Nxe1
22. Qxe1 Bd6 23. Nf3 Bb4 24. Qd1 Bxc3 25. bxc3 Ne4 26. Be5 Rxe5 27. Nxe5 Qf6 28.
Ng4 Qg7 29. Qd4 f5 30. Ne5 Re8 31. Nf3 Ba8 32. g4 fxg4 33. Bxg4 h5 34. Qxg7+
Kxg7 35. Bh3 Rb8 36. Nd4 Rb2 37. a4 Nxf2 38. Be6 Nd3 39. Rf1 Ne5 40. Bc8 Rb6 41.
Ne6+ Kh6 42. Nf4 Bc6 43. Be6 Bxa4 44. Bxd5 Bb3 45. Ne6 a5 46. Rf8 Kh7 47. Rf7+
Kh8 48. Rf8+ Kh7 49. Ng5+ Kg7 50. Ra8 Kf6 51. Ne4+ Ke7 52. Nc5 a4 53. Nxa4 Bxa4
54. Rxa4 Rb1+ 55. Kf2 Rb2+ 56. Kg3 g5 57. Ra7+ Kf6 58. e4 h4+ 59. Kh3 Rc2 60.
Ra6+ Kg7 61. Ra7+ Kh6 62. Ra6+ Ng6 63. Bf7 Rxc3+ 64. Kg2 g4 65. Rxg6+ Kh5 66.
Rxg4+ Kxg4 67. e5 Rc2+ 68. Kf1 c3 69. e6 Rd2 70. e7 Rd7 71. Be6+ Kf4 72. e8=Q c2
73. Qf8+ Ke5 74. Qf5+ Kd6 75. Qxc2 Kxe6 76. Qf2 Rd4 77. Ke2 Ke5 78. Qf3 Re4+ 79.
Kd1 Rd4+ 80. Kc2 Re4 81. Kd3 Rd4+ 82. Kc3 Rf4 83. Qe3+ Kf5 84. Qh3+ Ke4 85. Kd2
Rf2+ 86. Ke1 Rf4 87. Ke2 Ke5 88. Ke3 Re4+ 89. Kd3 Rf4 90. Qe3+ Kf5 91. Qc5+ Kg4
92. Qc8+ Kf3 93. Qh3+ Kf2 94. Qe3+ Kg2 95. Qxf4 h3 96. Qg3+ Kh1 97. Qxh3 Kg1 98.
Qg3+ Kh1 99. Qf3+ Kg1 100. h4 Kh2 101. h5 Kg1 102. h6 Kh2 103. h7 Kg1 104. Ke2 1-0

[Event "Titled Tue 3rd Jun Early"]
[Site "chess.com INT"]
[Date "2025.06.03"]
[Round "6"]
[White "Jake Shanty"]
[Black "Klekowski, Maciej"]
[Result "1/2-1/2"]
[WhiteTitle "FM"]
[BlackTitle "GM"]
[WhiteElo "2252"]
[BlackElo "2474"]
[WhiteFideId "33478066"]
[BlackFideId "1132717"]
[EventDate "2025.06.03"]

1. Nf3 d5 2. e3 Nf6 3. b3 c5 4. Bb2 a6 5. Be2 Nc6 6. O-O g6 7. d4 cxd4 8. Nxd4
Bg7 9. Nd2 O-O 10. c4 Bd7 11. Rc1 Nxd4 12. Bxd4 Bc6 13. Bf3 Re8 14. Bxf6 Bxf6
15. cxd5 Bxd5 16. Ne4 Bxe4 17. Bxe4 Qb6 18. Qf3 Rab8 19. Rfd1 Qa5 20. Bxb7 Qxa2
21. Bd5 Kg7 22. Bc4 Red8 23. g3 h5 24. h4 a5 25. Kg2 Rxd1 26. Qxd1 Qa3 27. Rc2
Rb6 28. Qe2 Qb4 29. Qd2 Rd6 30. Qxb4 axb4 31. Be2 Bc3 32. Ra2 e6 33. Kf3 Rc6 34.
Bc4 Rc7 35. Ke2 Rd7 36. Bd3 Kf6 37. Ra5 Rc7 38. Bc4 Rd7 39. Bd3 Rd8 40. Ra7 Rd5
41. Ra6 Bb2 42. Rb6 Bc3 43. Rb5 Rd8 44. Ra5 Kg7 45. Ra6 Re8 46. Ra7 Kf6 47. Ra6
Re7 48. Bc4 Rd7 49. Bd3 Kg7 50. Ra5 f5 51. Ra6 e5 52. Ra2 e4 53. Bc4 Rc7 54. Ra6
Rb7 55. Ra8 Kh7 56. Be6 Rb6 57. Bg8+ Kh6 58. Bc4 Rc6 59. Ra6 Rc7 60. Ra2 Rd7 61.
Bb5 Rd5 62. Bc4 Rd6 63. Bb5 Rd8 64. Bc4 Kg7 65. Ra7+ Kf6 66. Ra2 Rd7 67. Ra6+
Kg7 68. Ra2 Bf6 69. Rd2 Ra7 70. Rc2 Bc3 71. Rc1 Ra2+ 72. Kf1 Bd2 73. Rd1 Kf6 74.
Bb5 Rb2 75. Bc4 g5 76. hxg5+ Kxg5 77. Be6 Kf6 78. Bc4 Ke5 79. Bf7 h4 80. gxh4 f4
81. exf4+ Kxf4 82. h5 Kf3 83. Bd5 Bg5 84. Rd3+ Kf4 85. Re3 Ke5 86. Rxe4+ Kxd5
87. Rxb4 Bf6 88. Rb5+ Ke4 89. Kg2 Bd4 90. h6 Rxf2+ 91. Kg3 Rf1 92. Rh5 Rg1+ 93.
Kh2 Rg8 94. h7 Re8 95. Kh3 Kf4 96. Rh4+ Ke3 97. Kg4 Bf6 98. Rh6 Bg7 99. Rg6 Bd4
100. Rg8 Re4+ 101. Kh3 Re6 102. h8=Q Bxh8 103. Rxh8 Rb6 104. Re8+ Kd4 105. Kg4
Rxb3 106. Rf8 Kc3 107. Rf3+ Kb4 108. Rxb3+ Kxb3 1/2-1/2

[Event "Titled Tue 3rd Jun Early"]
[Site "chess.com INT"]
[Date "2025.06.03"]
[Round "7"]
[White "Nanugonda, Vishva"]
[Black "Momunaliev, Ruslan"]
[Result "0-1"]
[BlackTitle "CM"]
[WhiteElo "2135"]
[BlackElo "2213"]
[WhiteFideId "30961335"]
[BlackFideId "13812211"]
[EventDate "2025.06.03"]

1. d4 d5 2. c4 c6 3. Nc3 Nf6 4. Nf3 e6 5. e3 Nbd7 6. b3 Bd6 7. Bd3 O-O 8. Bb2
Qe7 9. O-O e5 10. dxe5 Nxe5 11. cxd5 Nxf3+ 12. Qxf3 Bg4 0-1

[Event "Titled Tue 3rd Jun Early"]
[Site "chess.com INT"]
[Date "2025.06.03"]
[Round "7"]
[White "Oleksiyenko, Mykhaylo"]
[Black "Sethuraman, Roshan"]
[Result "1-0"]
[WhiteTitle "GM"]
[WhiteElo "2569"]
[BlackElo "2074"]
[WhiteFideId "4152417"]
[BlackFideId "30965250"]
[EventDate "2025.06.03"]

1. e4 c5 2. Nf3 d6 3. d4 cxd4 4. Nxd4 Nf6 5. f3 a6 6. c4 e5 7. Nc2 Be6 8. Nc3
Be7 9. Be3 Nbd7 10. Nd5 Rc8 11. Qd2 Bxd5 12. cxd5 O-O 13. g3 Re8 14. Bh3 Bf8 15.
O-O-O b5 16. Kb1 Qc7 17. Nb4 Qb7 18. Nc6 Rc7 19. Rc1 Nb8 20. Na5 Rxc1+ 21. Rxc1
Qe7 22. Nc6 Qb7 23. Qa5 Nfd7 24. Nxb8 1-0

[Event "Titled Tue 3rd Jun Early"]
[Site "chess.com INT"]
[Date "2025.06.03"]
[Round "7"]
[White "Bilochenko, Matvii"]
[Black "Moinzai, Khushal"]
[Result "1-0"]
[WhiteTitle "CM"]
[BlackTitle "FM"]
[WhiteElo "2027"]
[BlackElo "1894"]
[WhiteFideId "41834062"]
[BlackFideId "11701200"]
[EventDate "2025.06.03"]

1. e4 c5 2. Nf3 Nc6 3. Bb5 g6 4. Bxc6 bxc6 5. d4 cxd4 6. Qxd4 Nf6 7. e5 Nd5 8.
O-O Bg7 9. Qh4 h5 10. c4 Nc7 11. Nc3 O-O 12. g4 hxg4 13. Ng5 Re8 14. Qh7+ Kf8
15. Nge4 Ne6 16. Bh6 Bxh6 17. Qh8# 1-0

[Event "Titled Tue 3rd Jun Early"]
[Site "chess.com INT"]
[Date "2025.06.03"]
[Round "7"]
[White "Odegov, Artem"]
[Black "Laddha, Shubh Jayesh"]
[Result "1-0"]
[WhiteTitle "FM"]
[BlackTitle "FM"]
[WhiteElo "2244"]
[BlackElo "2303"]
[WhiteFideId "34183644"]
[BlackFideId "30942799"]
[EventDate "2025.06.03"]

1. d4 d5 2. Nf3 Nf6 3. c4 dxc4 4. e3 e6 5. Bxc4 c5 6. O-O Nc6 7. a3 a6 8. Ba2 b5
9. Qc2 Qb6 10. Rd1 Bb7 11. Nc3 Be7 12. dxc5 Bd6 13. cxb6 Be7 14. b4 O-O 15. Bb2
Rfc8 16. Rac1 a5 17. bxa5 Nxa5 18. Qb1 Nc4 19. Nxb5 Nxb2 20. Rxc8+ Rxc8 21. Qxb2 1-0